Susan Sontag y el oficio de pensar / (Record no. 144128)

MARC details
000 -CABECERA
campo de control de longitud fija 00531nam a2200193 u 4500
005 - FECHA Y HORA DE LA ÚLTIMA TRANSACCIÓN
campo de control 20210223131056.0
008 - ELEMENTOS DE LONGITUD FIJA--INFORMACIÓN GENERAL
campo de control de longitud fija 090825s2004 r 000 0 eng d
020 ## - NÚMERO INTERNACIONAL NORMALIZADO PARA LIBROS
Número Internacional Estándar del Libro 8496089150
035 ## - NÚMERO DE CONTROL DEL SISTEMA
Número de control de sistema UPN01000172024
049 ## - COLECCIÓN
Colección CG
050 #4 - SIGNATURA TOPOGRÁFICA DE LA BIBLIOTECA DEL CONGRESO
Número de clasificación PS3569 O6.547
Número de documento/Ítem A2.7
100 1# - ASIENTO PRINCIPAL--NOMBRE PERSONAL
Nombre de persona Abdala, Verónica
245 10 - MENCIÓN DE TÍTULO
Título Susan Sontag y el oficio de pensar /
Mención de responsabilidad, etc. Verónica Abdala.
260 ## - PUBLICACIÓN, DISTRIBUCIÓN, ETC.
Lugar de publicación, distribución, etc. Madrid :
Nombre del editor, distribuidor, etc. Campo de Ideas,
Fecha de publicación, distribución, etc. 2004.
300 ## - DESCRIPCIÓN FÍSICA
Extensión 126 p.
440 #0 - MENCIÓN DE SERIE/ASIENTO SECUNDARIO--TÍTULO
Título Intelectuales
600 14 - ASIENTO SECUNDARIO DE MATERIA - NOMBRE PERSONAL
Nombre de persona SONTAG, SUSAN,
Fechas asociadas al nombre 1933-2004
9 (RLIN) 16029
905 ## - TIPO DE MATERIAL
Tipo de material Libro
Holdings
Estado de retiro Estado de pérdida Fuente del sistema de clasificación o colocación Estado dañado No para préstamo Código de colección Localización permanente Ubicación/localización actual Ubicación en estantería Total de préstamos Clasificación Código de barras Fecha visto por última vez Número de copia Tipo de ítem Koha
    Library of Congress Classification     Colección General Bib. Gregorio Torres Quintero Bib. Gregorio Torres Quintero Planta baja 2 PS3569 O6.547 A2.7 266690 31/12/2020 1 Libro